000 00827cab a2200253 4500
001 ABS51014
008 090401t1994 xxu||||| |||| 00| 0 eng d
035 _a(Sirsi) u5073
041 _aeng
245 _aDesign & build
260 _c1994
350 _a0
490 _aBuilding
_vSupplement 8 July 1994 (LOAN)
520 _aStudies the rise in novation and its effect on the relationship between architects and contractors, d & b in Japan, a design for a brewhouse, drawbacks of the contract with reference to JCT 81 and building for football clubs and Tesco.
650 _aDESIGN AND BUILD
650 _aJAPAN
650 _aJCT 1981
650 _aLEICESTER CITY
650 _aNEWCASTLE UNITED
650 _aNOVATION
690 _aBUILT ENVIRONMENT-BUILDING CONTRACT FORMS
942 _n0
948 _c04/03/1997
999 _c3044
_d3044